| 000 | 00572nam a2200181Ia 4500 | ||
|---|---|---|---|
| 008 | 140925s9999 xx 000 0 und d | ||
| 245 |
_aMental Health and Learning Disabilities Research and Practice / _h[electronic resource] |
||
| 260 |
_bUniversity of Huddersfield, _cc2011. |
||
| 516 | _aElectronic text | ||
| 650 | _aDisabilities. | ||
| 650 | _aJournal. | ||
| 650 | _aMental Health. | ||
| 650 | _aSpecial Education. | ||
| 830 | _aUniversity of Huddersfield | ||
| 856 | _uhttp://eprints.hud.ac.uk/journal/mhldrp// | ||
| 942 | _cEJ | ||
| 999 |
_c275734 _d275734 |
||